Introducción a la investigación de operaciones

-д хадгалсан:
Номзүйн дэлгэрэнгүй
Үндсэн зохиолч: Varela, Jaime Enrique (Зохиогч)
Формат: Ном
Хэл сонгох:испани
Хэвлэсэн: Ciudad de México Fondo Educativo Interamericano 1982
Нөхцлүүд:
Шошгууд: Шошго нэмэх
Шошго байхгүй, Энэхүү баримтыг шошголох эхний хүн болох!

MARC

LEADER 00000nam a2200000 a 4500
001 UCV3908
003 CL-VaPUC
008 880504e19820000MX |||||||||||||||||spa|d
082 0 4 |a 658.403  |b VAR  |2 21 
100 0 |a Varela, Jaime Enrique  |e author  |9 298308 
245 1 0 |a Introducción a la investigación de operaciones 
300 |a 451 p 
942 |c BK 
945 |d 19880504 00:00:00  |a mfernand 
260 |a Ciudad de México  |b Fondo Educativo Interamericano  |c 1982 
650 0 |a Investigación operativa  |9 259383 
583 |a last modification  |c 19880504 00:00:00  |k Rodrigo Vera 
999 |c 211005  |d 211003 
952 |0 0  |1 0  |4 0  |6 658_403000000000000_VAR_1982  |7 0  |8 A  |9 188282  |a BIBENE  |b BIBENE  |d 2019-11-14  |i 2558408  |o 658.403 VAR 1982  |p 2558408  |r 2025-01-15  |w 2019-11-14  |y BK  |k ICO 
952 |0 0  |1 0  |4 0  |6 658_403000000000000_VAR_1982  |7 0  |8 A  |9 188285  |a BIBENE  |b BIBENE  |d 2019-11-14  |i 1946412  |o 658.403 VAR 1982  |p 1946412  |r 2025-01-15  |w 2019-11-14  |y BK  |k ICO 
952 |0 0  |1 0  |4 0  |6 658_403000000000000_VAR_1982  |7 0  |8 A  |9 188286  |a BIBENE  |b BIBENE  |d 2019-11-14  |i 1946366  |o 658.403 VAR 1982  |p 1946366  |r 2025-01-15  |w 2019-11-14  |y BK  |k ICO 
952 |0 0  |1 0  |4 0  |6 658_403000000000000_VAR_1982  |7 0  |8 A  |9 188287  |a BIBENE  |b BIBENE  |d 2019-11-14  |i 1946021  |o 658.403 VAR 1982  |p 1946021  |r 2025-01-15  |w 2019-11-14  |y BK  |k ICO 
952 |0 0  |1 0  |4 0  |6 658_403000000000000_VAR_1982  |7 0  |8 A  |9 188289  |a BIBGIM  |b BIBGIM  |d 2019-11-14  |i 1404776  |o 658.403 VAR 1982  |p 1404776  |r 2025-01-15  |w 2019-11-14  |y BK  |k COM 
952 |0 0  |1 0  |4 0  |6 658_403000000000000_VAR_1982  |7 0  |8 A  |9 188290  |a BIBMAT  |b BIBMAT  |d 2019-11-14  |i 1308084  |o 658.403 VAR 1982  |p 1308084  |r 2025-01-07  |w 2019-11-14  |y BK  |k MAT 
952 |0 0  |1 0  |4 0  |6 658_403000000000000_VAR_1982  |7 0  |8 A  |9 188291  |a BIBMAT  |b BIBMAT  |d 2019-11-14  |i 1308637  |o 658.403 VAR 1982  |p 1308637  |r 2025-01-07  |w 2019-11-14  |y BK  |k MAT 
952 |0 0  |1 0  |4 0  |6 658_403000000000000_VAR_1982  |7 0  |8 A  |9 188292  |a BIBMAT  |b BIBMAT  |d 2019-11-14  |i 1308688  |o 658.403 VAR 1982  |p 1308688  |r 2025-01-07  |w 2019-11-14  |y BK  |k MAT